[Event "Manresa op 31st"]
[Site "Manresa"]
[Date "2014.10.18"]
[Round "5"]
[White "Oliveres Puigdellivol, Pere"]
[Black "Molins Molina, Josep"]
[Result "0-1"]
[WhiteElo "1941"]
[BlackElo "1860"]
[PlyCount "68"]
[EventDate "2014.09.20"]
[EventType "swiss"]
[EventRounds "8"]
[EventCountry "ESP"]
[SourceTitle "EXT 2016"]
[Source "ChessBase"]
[SourceDate "2015.10.08"]
[SourceVersion "1"]
[SourceVersionDate "2015.10.08"]
[SourceQuality "1"]

1. e4 e5 2. Nf3 Nc6 3. Bc4 Bc5 4. d3 Nf6 5. Nc3 0-0 6. a3 a6 7. Bg5 h6 8. Bh4 Be7 9. Bxf6 Bxf6 10. Nd5 d6 11. h3 b6 12. Ba2 Bg5 13. c3 Ra7 14. Qe2 Nb8 15. g4 c6 16. Nxg5 cxd5 17. Nxf7 Rfxf7 18. Bxd5 Qh4 19. 0-0-0 Kh8 20. Bxf7 Rxf7 21. Rdf1 Nc6 22. Qe3 Na5 23. f4 Qe7 24. fxe5 dxe5 25. Qxb6 Nb3+ 26. Kc2 Be6 27. Qxa6 Qc7 28. Kd1 Qd7 29. Ke2 Nc5 30. Qa8+ Kh7 31. Ra1 Bxg4+ 32. hxg4 Qxg4+ 33. Kd2 Rf2+ 34. Kc1 Qe2 0-1

[Event "Manresa op 31st"]
[Site "Manresa"]
[Date "2014.09.20"]
[Round "1"]
[White "Garriga Biosca, Francesco"]
[Black "Molins Molina, Josep"]
[Result "1-0"]
[WhiteElo "2104"]
[BlackElo "1860"]
[PlyCount "51"]
[EventDate "2014.09.20"]
[EventType "swiss"]
[EventRounds "8"]
[EventCountry "ESP"]
[SourceTitle "EXT 2016"]
[Source "ChessBase"]
[SourceDate "2015.10.08"]
[SourceVersion "1"]
[SourceVersionDate "2015.10.08"]
[SourceQuality "1"]

1. d4 g6 2. e4 Bg7 3. Nc3 c6 4. Be3 Nf6 5. f3 d6 6. Qd2 a6 7. Bh6 0-0 8. h4 Nh5 9. g4 Ng3 10. Rh2 Qb6 11. Bxg7 Kxg7 12. Bc4 e5 13. 0-0-0 h5 14. Rg2 hxg4 15. Rxg3 gxf3 16. Nxf3 Qc7 17. h5 b5 18. Qg5 Qd8 19. h6+ Kh7 20. Qxd8 Rxd8 21. Ng5+ Kg8 22. Bxf7+ Kf8 23. dxe5 Ke7 24. exd6+ Rxd6 25. Rxd6 Kxd6 26. h7 1-0

[Event "Barcelona Rubi op-B 5th"]
[Site "Barcelona"]
[Date "2004.04.??"]
[Round "4"]
[White "Molins Molina, Josep"]
[Black "D'Imperio, Giussepe"]
[Result "0-1"]
[WhiteElo "1820"]
[BlackElo "1895"]
[PlyCount "74"]
[EventDate "2004.04.25"]
[EventType "swiss"]
[EventRounds "7"]
[EventCountry "ESP"]
[SourceTitle "EXT 2007"]
[Source "ChessBase"]
[SourceDate "2006.11.23"]
[SourceVersion "1"]
[SourceVersionDate "2006.11.23"]
[SourceQuality "1"]

1. e4 c5 2. Nf3 d6 3. d4 cxd4 4. Nxd4 Nf6 5. Nc3 a6 6. Be2 e5 7. Nf3 b5 8. Bg5 Bb7 9. a4 b4 10. Nd5 Bxd5 11. Bxf6 gxf6 12. Qxd5 Nd7 13. Nh4 Rc8 14. Rc1 Bh6 15. Rd1 Rxc2 16. Bh5 0-0 17. Nf5 Bg7 18. Nxd6 Qb6 19. 0-0 Nc5 20. Nxf7 Ne6 21. Nd6 Qc5 22. Qxe6+ Kh8 23. Qe7 Qc6 24. Nf5 Rg8 25. Rd7 Qxe4 26. Nh6 Bxh6 27. Qxf6+ Bg7 28. Qg5 Bh6 29. Qf6+ Bg7 30. Bf3 Qc4 31. Qf5 Rf8 32. Qh3 Qf4 33. Qg3 Qxg3 34. hxg3 Rxb2 35. Re1 Ra2 36. Rxe5 Ra1+ 37. Kh2 Bxe5 0-1